Markovian queues
Αποθηκεύτηκε σε:
| Κύριος συγγραφέας: | |
|---|---|
| Μορφή: | Βιβλίο |
| Γλώσσα: | English |
| Δημοσίευση: |
New York :
Ellis Horwood,
1990
|
| Σειρά: | Mathematics and its applications. Statistics, operational research, and computational mathematics
|
| Θέματα: | |
| Ετικέτες: |
Προσθήκη ετικέτας
Δεν υπάρχουν, Καταχωρήστε ετικέτα πρώτοι!
|
MARC
| LEADER | 00000cam a2200000 i 4500 | ||
|---|---|---|---|
| 001 | 1/63176 | ||
| 008 | 941103s1990 eng d | ||
| 020 | |a 0135531578 | ||
| 035 | |l 10046745 | ||
| 035 | |a 1991 |c ΠΑΠΑΔΟΠΟΥΛΟΣ | ||
| 040 | |a GR-MY-UA |b gre |e aacr | ||
| 041 | 0 | |a eng | |
| 082 | 0 | |a 519.82 | |
| 100 | 1 | |a Sharma, O. P. |d 1937- | |
| 245 | 1 | 0 | |a Markovian queues / |c O.P. Sharma |
| 260 | |a New York : |b Ellis Horwood, |c 1990 | ||
| 300 | |a xii, 82 p.; |b ill.; |c 25 cm. | ||
| 490 | 1 | |a Mathematics and its applications. Statistics, operational research, and computational mathematics | |
| 500 | |a Includes bibliographical references (p. [74]-77) and index | ||
| 650 | 0 | 0 | |a Markov processes. |
| 650 | 0 | 0 | |a Queuing theory. |
| 650 | 0 | 0 | |a Matrices. |
| 830 | 0 | |a Mathematics and its applications. Statistics, operational research, and computational mathematics | |
| 852 | |a INST |b SAMOS |e 19941103 |h 519.82 SHA |p 005300001157 |q 005300001157 |t BK |y 0 | ||
| 909 | |a Σ |b 021194 | ||